00542 a2200145 4500020001500000040001300015082001200028100001900040245009900059260005700158300003300215500005000248650007800298700002000376 a0130214353 aDLCbDLC a621.382 aWang, Xiaodong aWireless communication systems: advanced techniques for signal receptioncWang, XiaodonghBook aNew Delhi : c2004.bPearson Education, Inc.,cc2004. axv, 682 p.b: ill.c; 25 cm. aIncludes bibliographical references and index a1.Wireless communication systems.2.Signal processing--Digital techniques. aH. Vincent Poor